000 nam a22 7a 4500
999 _c55587
_d55587
003 OSt
005 20220919145542.0
008 220919b xxu||||| |||| 00| 0 eng d
040 _cIIMT UNIVERSITY, MEERUT
100 _aLEWIS, NORMAN
245 _aWORD POWER MADE EASY
260 _aGOYAL PUB. & DIS. PVT. LTD.
_bDELHI
_c2010
300 _a686
942 _2ddc
_c09